Anthony Fantano 10s - Statistics

General Stats
  • This quiz has been taken 23 times
  • The average score is 22 of 34
Answer Stats
Hint Answer % Correct
Charli xcx, 2024 BRAT
94%
Lauryn Hill, 1998 The Miseducation Of Lauryn Hill
94%
Nirvana, 1991 Nevermind
89%
Death Grips, 2012 The Money Store
89%
Kendrick Lamar, 2015 To Pimp A Butterfly
89%
Kanye West and Kid Cudi, 2018 KIDS SEE GHOSTS
83%
MF DOOM and Madlib, 2004 Madvillainy
83%
Prince And The Revolution,1984 Purple Rain
83%
Björk, 2001 Vespertine
83%
The Beatles, 1969 Abbey Road
78%
Daft Punk, 2001 Discovery
72%
Wu-Tang Clan, 1993 Enter The Wu-Tang (36 Chambers)
72%
Clipse, 2025 Let God Sort Em Out
72%
Marvin Gaye, 1971 What's Going On
72%
Miles Davis,1970 Bitches Brew
67%
Neutral Milk Hotel, 1998 In The Aeroplane Over The Sea
67%
Public Enemy, 1988 It Takes A Nation Of Millions To Hold Us Back
67%
The Clash,1979 London Calling
67%
Metallica, 1986 Master Of Puppets
67%
Swans, 2014 To Be Kind
67%
System Of A Down, 2001 Toxicity
67%
Kate Bush, 1985 Hounds Of Love
61%
Godspeed You! Black Emperor, 2000 Lift Your Skinny Fists Like Antennas To Heaven
61%
Talking Heads, 1980 Remain In Light
56%
Frank Zappa, 1969 Hot Rats
50%
Television, 1977 Marquee Moon
50%
Nina Simone, 1967 Nina Simone Sings The Blues
50%
Led Zeppelin, 1975 Physical Graffiti
50%
Charles Mingus, 1963 The Black Saint And The Sinner Lady
50%
Bob Dylan,1965 Highway 61 Revisited
44%
Lingua Ignota, 2021 SINNER GET READY
39%
SPELLLING, 2021 The Turning Wheel
39%
Depeche Mode,1990 Violator
33%
Daughters, 2018 You Won't Get What You Want
33%
No matching quizzes found
Score Distribution
Percent of People with Each Score
Percentile by Number Answered
Your Score History
You have not taken this quiz